| 000 -LEADER |
| fixed length control field |
01542nam a22001577a 4500 |
| 008 - FIXED-LENGTH DATA ELEMENTS--GENERAL INFORMATION |
| fixed length control field |
201106b ||||| |||| 00| 0 eng d |
| 100 ## - MAIN ENTRY--PERSONAL NAME |
| Personal name |
Singh, Vagish K. and Singh Ashish K |
| 245 ## - TITLE STATEMENT |
| Title |
Central consumer protection authority- A critical analysis |
| 260 ## - PUBLICATION, DISTRIBUTION, ETC. (IMPRINT) |
| Place of publication, distribution, etc |
International Journal on Consumer Law and practice |
| 300 ## - PHYSICAL DESCRIPTION |
| Extent |
8, 2020: p.59-77 |
| 520 ## - SUMMARY, ETC. |
| Summary, etc |
The Consumer protection act, 2019 paved the way for a familiar yet new regime of consumer governance in India by creating the central consumer protection authority. As opposed to the consumer councils, the CCPA’s mandate of regulation has been empowered with a heavy arsenal of investigation, inquiry and injunctive actions. The powers of the CCP|A are overarching and have the potential of bridging the gaps left by statutory restrictions and narrow interpretations adopted by the consumer for a and commissions under the previous regime. This paper would examine the potential of the CCPA’s legislative mandate and discusses the interaction of these powers with those of the quasi-judicial consumer commissions. The paper would further attempt to suggest prudent manners of exercise of powers by the CCPA by examining the experience of similar foreign regulators such as the federal trade commission, United states of America.- Reproduced |
| 650 ## - SUBJECT ADDED ENTRY--TOPICAL TERM |
| Topical term or geographic name as entry element |
Consumer protection act 2019, Consumer protection councils |
| 9 (RLIN) |
19161 |
| 773 ## - HOST ITEM ENTRY |
| Main entry heading |
International Journal on Consumer Law and practice |
| 906 ## - LOCAL DATA ELEMENT F, LDF (RLIN) |
| Subject DIP |
CENTRAL CONSUMER PROTECTION AUTHORITY - INDIA |
| 942 ## - ADDED ENTRY ELEMENTS (KOHA) |
| Item type |
Articles |